Etica y poder en el fin de la Historia (Registro nro. 6032)
[ vista simple ]
| 000 -LEADER | |
|---|---|
| fixed length control field | 00922 a2200193 4500 |
| 001 - CONTROL NUMBER | |
| control field | 56753 |
| 005 - DATE AND TIME OF LATEST TRANSACTION | |
| control field | 20260407155831.0 |
| 008 - FIXED-LENGTH DATA ELEMENTS--GENERAL INFORMATION | |
| fixed length control field | 260407a1992 arg spa d |
| 003 - CONTROL NUMBER IDENTIFIER | |
| control field | AR-UNSa-BCEJYS |
| 040 ## - CATALOGING SOURCE | |
| Original cataloging agency | AR-UNSa-BCEJYS |
| Language of cataloging | spa |
| Transcribing agency | AR-UNSa-BCEJYS |
| 080 ## - UNIVERSAL DECIMAL CLASSIFICATION NUMBER | |
| Universal Decimal Classification number | 101.1 |
| Common auxiliary subdivision | Naturaleza de la filosofía. La filosofía como ciencia. La filosofía como arte (pensamiento filosófico) |
| 100 1# - MAIN ENTRY--PERSONAL NAME | |
| Personal name | Maresca, Silvio Juan |
| 245 10 - TITLE STATEMENT | |
| Title | Etica y poder en el fin de la Historia |
| Name of part/section of a work | Siete conferencias de Filosofía |
| 264 #1 - PRODUCTION, PUBLICATION, DISTRIBUTION, MANUFACTURE, AND COPYRIGHT NOTICE | |
| Place of production, publication, distribution, manufacture | Buenos Aires : |
| Name of producer, publisher, distributor, manufacturer | Catálogos Editora |
| Date of production, publication, distribution, manufacture, or copyright notice | 1992 |
| 300 ## - PHYSICAL DESCRIPTION | |
| Extent | 188 p. |
| Dimensions | 20 cm. |
| 505 ## - FORMATTED CONTENTS NOTE | |
| Formatted contents note | 1. La repetición – 2. La significación en filosofía. Husserl, primera investigación lógica – 3. Angustia y verdad en Heidegger – 4. Aproximación a Hegel – 5. Ética y poder – 6. El fin de la historia – 7. La muerte de Dios – 8. Indicaciones |
| 590 ## - LOCAL NOTE (RLIN) | |
| Local note | niveau_biblio:m niveau_hierar:0 |
| 942 ## - ADDED ENTRY ELEMENTS (KOHA) | |
| Koha item type | |
| Withdrawn status | Lost status | Damaged status | Not for loan | Home library | Current library | Shelving location | Date acquired | Total checkouts | Full call number | Barcode | Date last seen | Price effective from | Koha item type |
|---|---|---|---|---|---|---|---|---|---|---|---|---|---|
| Biblioteca Prof. Eusebio Cleto del Rey | Biblioteca Prof. Eusebio Cleto del Rey | 07/04/2026 | 101.1 M325 | L58886 | 07/04/2026 | 07/04/2026 | Libro |